|
|
|
|
| LEADER |
00909nab#a2200325#ar4500 |
| 001 |
000119921 |
| 003 |
SVKKK |
| 005 |
20170629120422.0 |
| 008 |
170616c2016 xo |||||||||||||||b|slo |
| FMT |
|
|
|
| 015 |
|
|
|a SNBRB2017/06
|
| 038 |
|
|
|a SVKKK
|
| 040 |
|
|
|a SVKKK
|b slo
|e AACR2
|
| 041 |
0 |
|
|a slo
|
| 044 |
|
|
|a xo
|c SK
|
| 080 |
|
|
|a "388"
|2 2011
|
| 080 |
|
|
|a 929 Blišťan, Miroslav
|2 2011
|
| 100 |
1 |
|
|a Šarík, Anton
|4 aut
|
| 245 |
1 |
0 |
|a Miroslav Blišťan 80-ročný
|c Anton Šarík
|
| 300 |
|
|
|b Fotogr.
|
| 600 |
1 |
4 |
|a Blišťan, Miroslav
|x spoluzakladateľ Baníckeho cechu Rudňany
|d 2.4.1936-
|z Dovalovo (Slovensko)
|x rodák
|
| 650 |
0 |
4 |
|a životné jubileá
|
| 650 |
0 |
4 |
|a jubilanti
|
| 773 |
0 |
|
|t Montanrevue : časopis o baníctve a bansko-historickom dedičstve
|g Roč. 9, č. 2 (2016), s. 26
|x 1337-9682
|
| 974 |
|
|
|a CER
|
| 992 |
|
|
|a RBX
|
| BAS |
|
|
|
| 852 |
|
|
|a SVKKK
|b BIB
|
| EXP |
|
|
|
| 998 |
|
|
|a SLO
|